Platobné karty a vysokoškoláci

Salvato in:
Dettagli Bibliografici
Autore principale: Sudzina, František
Altri autori: Jasaňová, Katarína
Natura: Capitolo di libro
Lingua:slovacco
Tags: Aggiungi Tag
Nessun Tag, puoi essere il primo ad aggiungerne!!

MARC

LEADER 00000naa$a2200000$$$4500
001 0064843
005 20240502071749.1
041 0 |a slo 
044 |a SK 
245 1 0 |a Platobné karty a vysokoškoláci  |c František Sudzina, Katarína Jasaňová 
100 1 |a Sudzina, František 
700 1 |a Jasaňová, Katarína